Consoles Nintendo par nombre de jeux vendus - Statistiques

Statistiques générales
  • Ce quiz a été pris 65 fois
  • Le résultat moyen est 10 sur 12
Statistiques - réponses
Unitées vendues Type de quiz Console % Correct
1,500 M Hybride Nintendo Switch
100%
949 M Portable Nintendo DS
98%
922 M Salon Wii
97%
392 M Portable Nintendo 3DS
91%
104 M Hybride Wii U
90%
38 M Hybride Nintendo Switch 2
86%
501 M Portable Game Boy
84%
209 M Salon Nintendo GameCube
84%
225 M Salon Nintendo 64
74%
500 M Salon NES (Family Computer)
72%
377 M Portable Game Boy Advance
64%
379 M Salon SNES (Super Family Computer)
36%
Aucun quiz correspondant
Distribution des résultats
% des personnes avec chaque résultat
Percentile par nombre de réponses
Votre historique - résultats
Vous n’avez pas pris ce quiz